[Event "Stay Safe Play From Home 411"]
[Site "Emanuel Lasker Arena"]
[Date "2020.08.26"]
[Round "7"]
[White "Tran Minh Thang"]
[Black "Lamborghini"]
[Result "1-0"]
[WhiteElo "2445"]
[BlackElo "2246"]
[PlyCount "109"]
[EventDate "2020.08.26"]
[EventType "swiss (blitz)"]

1. Nf3 {[%emt 0:00:01]} Nf6 {[%emt 0:00:01]} 2. b3 {[%emt 0:00:00]} g6 {[%emt 0:00:00]} 3. Bb2 {[%emt 0:00:00]} Bg7 {[%emt 0:00:01]} 4. c4 {[%emt 0:00:00]} O-O {[%emt 0:00:01]} 5. g3 {[%emt 0:00:00]} d6 {[%emt 0:00:00]} 6. Bg2 {[%emt 0:00:00]} e5 {[%emt 0:00:00]} 7. O-O {[%emt 0:00:00]} Re8 {[%emt 0:00:00]} 8. Nc3 {[%emt 0:00:01]} c5 {[%emt 0:00:01]} 9. d3 {[%emt 0:00:02]} Nc6 {[%emt 0:00:01]} 10. a3 {[%emt 0:00:01]} h6 {[%emt 0:00:02]} 11. Nd2 {[%emt 0:00:00]} Be6 {[%emt 0:00:02]} 12. b4 {[%emt 0:00:01]} Rc8 {[%emt 0:00:03]} 13. bxc5 {[%emt 0:00:05]} dxc5 {[%emt 0:00:02]} 14. Nb3 {[%emt 0:00:01]} b6 {[%emt 0:00:01]} 15. e4 {[%emt 0:00:01]} Nd4 {[%emt 0:00:03]} 16. Nd5 {[%emt 0:00:01]} Nxd5 {[%emt 0:00:02]} 17. cxd5 {[%emt 0:00:02]} Bd7 {[%emt 0:00:01]} 18. Nd2 {[%emt 0:00:02]} Bb5 {[%emt 0:00:02]} 19. Nc4 {[%emt 0:00:00]} Bxc4 {[%emt 0:00:01]} 20. dxc4 {[%emt 0:00:00]} Qd7 {[%emt 0:00:02]} 21. a4 {[%emt 0:00:00]} a5 {[%emt 0:00:01]} 22. Rb1 {[%emt 0:00:02]} Rb8 {[%emt 0:00:01]} 23. Bc3 {[%emt 0:00:00]} Red8 {[%emt 0:00:03]} 24. f4 {[%emt 0:00:00]} exf4 {[%emt 0:00:01]} 25. gxf4 {[%emt 0:00:01]} f6 {[%emt 0:00:02]} 26. Bxd4 {[%emt 0:00:03]} cxd4 {[%emt 0:00:01]} 27. Qxd4 {[%emt 0:00:00]} Qc7 {[%emt 0:00:01]} 28. Kh1 {[%emt 0:00:01]} Kh7 {[%emt 0:00:01]} 29. Bh3 {[%emt 0:00:02]} Qc5 {[%emt 0:00:04]} 30. Qxc5 {[%emt 0:00:01]} bxc5 {[%emt 0:00:00]} 31. Rb5 {[%emt 0:00:00]} Rxb5 {[%emt 0:00:01]} 32. cxb5 {[%emt 0:00:00]} f5 {[%emt 0:00:01]} 33. exf5 {[%emt 0:00:01]} Rxd5 {[%emt 0:00:01]} 34. fxg6+ {[%emt 0:00:01]} Kxg6 {[%emt 0:00:00]} 35. b6 {[%emt 0:00:00]} Rd8 {[%emt 0:00:07]} 36. b7 {[%emt 0:00:01]} Rb8 {[%emt 0:00:00]} 37. Bc8 {[%emt 0:00:02]} c4 {[%emt 0:00:01]} 38. f5+ {[%emt 0:00:01]} Kf6 {[%emt 0:00:01]} 39. Rc1 {[%emt 0:00:01]} Ke7 {[%emt 0:00:02]} 40. Rxc4 {[%emt 0:00:01]} Kd6 {[%emt 0:00:00]} 41. Kg2 {[%emt 0:00:02]} Be5 {[%emt 0:00:00]} 42. Kf3 {[%emt 0:00:01]} Ke7 {[%emt 0:00:01]} 43. Re4 {[%emt 0:00:01]} Kf6 {[%emt 0:00:00]} 44. Rxe5 {[%emt 0:00:00]} Kxe5 {[%emt 0:00:01]} 45. Kg4 {[%emt 0:00:00]} Kf6 {[%emt 0:00:00]} 46. h4 {[%emt 0:00:01]} Kg7 {[%emt 0:00:00]} 47. Kf4 {[%emt 0:00:01]} Kh7 {[%emt 0:00:00]} 48. Ke5 {[%emt 0:00:00]} Kg7 {[%emt 0:00:00]} 49. Ke6 {[%emt 0:00:00]} Kf8 {[%emt 0:00:00]} 50. f6 {[%emt 0:00:00]} h5 {[%emt 0:00:01]} 51. f7 {[%emt 0:00:01]} Kg7 {[%emt 0:00:01]} 52. Ke7 {[%emt 0:00:00]} Rxb7+ {[%emt 0:00:00]} 53. Bxb7 {[%emt 0:00:01]} Kh6 {[%emt 0:00:01]} 54. f8=Q+ {[%emt 0:00:01]} Kh7 {[%emt 0:00:00]} 55. Be4# {[%emt 0:00:00] (Lag: Av=0.60s, max=1.0s) (Lag: Av=0.60s, max=1.0s) (Lag: Av=0.60s, max=1.0s)} 1-0

[Event "Stay Safe Play From Home 411"]
[Site "Emanuel Lasker Arena"]
[Date "2020.08.26"]
[Round "7"]
[White "IceQueen"]
[Black "Mepe_Nika"]
[Result "1/2-1/2"]
[WhiteElo "2370"]
[BlackElo "2355"]
[PlyCount "115"]
[EventDate "2020.08.26"]
[EventType "swiss (blitz)"]

1. e4 {[%emt 0:00:01]} c6 {[%emt 0:00:01]} 2. Nc3 {[%emt 0:00:01]} d5 {[%emt 0:00:00]} 3. d4 {[%emt 0:00:00]} dxe4 {[%emt 0:00:01]} 4. Nxe4 {[%emt 0:00:00]} Nf6 {[%emt 0:00:00]} 5. Nxf6+ {[%emt 0:00:00]} exf6 {[%emt 0:00:00]} 6. c3 {[%emt 0:00:00]} Bd6 {[%emt 0:00:01]} 7. Bd3 {[%emt 0:00:00]} O-O {[%emt 0:00:01]} 8. Ne2 {[%emt 0:00:00]} Re8 {[%emt 0:00:01]} 9. Qc2 {[%emt 0:00:00]} h5 {[%emt 0:00:01]} 10. O-O {[%emt 0:00:01]} Nd7 {[%emt 0:00:00]} 11. Bd2 {[%emt 0:00:01]} Nf8 {[%emt 0:00:00]} 12. Rae1 {[%emt 0:00:01]} Ng6 {[%emt 0:00:01]} 13. Bxg6 {[%emt 0:00:02]} fxg6 {[%emt 0:00:02]} 14. Qxg6 {[%emt 0:00:00]} Bg4 {[%emt 0:00:01]} 15. f3 {[%emt 0:00:02]} Be6 {[%emt 0:00:01]} 16. Qxh5 {[%emt 0:00:01]} Bxa2 {[%emt 0:00:01]} 17. Nf4 {[%emt 0:00:03]} Bf7 {[%emt 0:00:02]} 18. Qh3 {[%emt 0:00:01]} Qc7 {[%emt 0:00:02]} 19. Ne6 {[%emt 0:00:03]} Bxe6 {[%emt 0:00:03]} 20. Rxe6 {[%emt 0:00:00]} Bxh2+ {[%emt 0:00:01]} 21. Kh1 {[%emt 0:00:01]} Bf4 {[%emt 0:00:02]} 22. Rfe1 {[%emt 0:00:03]} Rxe6 {[%emt 0:00:04]} 23. Qxe6+ {[%emt 0:00:00]} Kf8 {[%emt 0:00:02]} 24. Bxf4 {[%emt 0:00:08]} Qxf4 {[%emt 0:00:00]} 25. Re4 {[%emt 0:00:00]} Qc1+ {[%emt 0:00:03]} 26. Kh2 {[%emt 0:00:00]} Qh6+ {[%emt 0:00:02]} 27. Kg1 {[%emt 0:00:00]} Qc1+ {[%emt 0:00:02]} 28. Re1 {[%emt 0:00:01]} Qf4 {[%emt 0:00:03]} 29. Qe7+ {[%emt 0:00:01]} Kg8 {[%emt 0:00:00]} 30. Qxb7 {[%emt 0:00:00]} Rb8 {[%emt 0:00:01]} 31. Qxc6 {[%emt 0:00:01]} Rxb2 {[%emt 0:00:01]} 32. Qc8+ {[%emt 0:00:01]} Kh7 {[%emt 0:00:01]} 33. Qh3+ {[%emt 0:00:01]} Kg6 {[%emt 0:00:00]} 34. Qe6 {[%emt 0:00:07]} Rc2 {[%emt 0:00:03]} 35. Qe8+ {[%emt 0:00:01]} Kh6 {[%emt 0:00:03]} 36. Qe3 {[%emt 0:00:04]} Qxe3+ {[%emt 0:00:01]} 37. Rxe3 {[%emt 0:00:00]} a5 {[%emt 0:00:00]} 38. d5 {[%emt 0:00:01]} Kg6 {[%emt 0:00:01]} 39. Rd3 {[%emt 0:00:01]} Kf7 {[%emt 0:00:01]} 40. d6 {[%emt 0:00:02]} Ke8 {[%emt 0:00:01]} 41. Kh2 {[%emt 0:00:02]} Kd7 {[%emt 0:00:01]} 42. Kg3 {[%emt 0:00:00]} a4 {[%emt 0:00:00]} 43. Kg4 {[%emt 0:00:01]} a3 {[%emt 0:00:00]} 44. Kf5 {[%emt 0:00:01]} a2 {[%emt 0:00:01]} 45. Rd1 {[%emt 0:00:00]} Rxc3 {[%emt 0:00:00]} 46. Kg6 {[%emt 0:00:01]} Ra3 {[%emt 0:00:02]} 47. Ra1 {[%emt 0:00:01]} f5 {[%emt 0:00:00]} 48. Kxg7 {[%emt 0:00:00]} Kxd6 {[%emt 0:00:01]} 49. g4 {[%emt 0:00:00]} fxg4 {[%emt 0:00:01]} 50. fxg4 {[%emt 0:00:00]} Ke5 {[%emt 0:00:00]} 51. g5 {[%emt 0:00:00]} Kd4 {[%emt 0:00:00]} 52. g6 {[%emt 0:00:00]} Kc3 {[%emt 0:00:00]} 53. Kh6 {[%emt 0:00:00]} Kb2 {[%emt 0:00:00]} 54. Rxa2+ {[%emt 0:00:00]} Rxa2 {[%emt 0:00:01]} 55. g7 {[%emt 0:00:00]} Ra8 {[%emt 0:00:01]} 56. Kh7 {[%emt 0:00:00]} Ra7 {[%emt 0:00:00]} 57. Kh8 {[%emt 0:00:00]} Rxg7 {[%emt 0:00:00]} 58. Kxg7 {[%emt 0:00:00] (Lag: Av=0.48s, max=1.1s) (Lag: Av=0.48s, max=1.1s) (Lag: Av=0.48s, max=1.1s)} 1/2-1/2

[Event "Stay Safe Play From Home 411"]
[Site "Emanuel Lasker Arena"]
[Date "2020.08.26"]
[Round "7"]
[White "Nguyen Hong Anh"]
[Black "Mamba2001de"]
[Result "1-0"]
[WhiteElo "2251"]
[BlackElo "1459"]
[Annotator "NA"]
[PlyCount "63"]
[EventDate "2020.08.26"]
[EventType "swiss (blitz)"]

1. d4 {[%emt 0:00:02]} e6 {[%emt 0:00:01]} 2. c4 {[%emt 0:00:01]} d5 {[%emt 0:00:01]} 3. Nf3 {[%emt 0:00:00]} Nf6 {[%emt 0:00:01]} 4. g3 {[%emt 0:00:00]} c6 {[%emt 0:00:01]} 5. Bg2 {[%emt 0:00:00]} Be7 {[%emt 0:00:01]} 6. O-O {[%emt 0:00:00]} b6 {[%emt 0:00:01]} 7. Qc2 {[%emt 0:00:00]} Bb7 {[%emt 0:00:01]} 8. Nbd2 {[%emt 0:00:00]} Nbd7 {[%emt 0:00:01]} 9. e4 {[%emt 0:00:00]} dxe4 {[%emt 0:00:02]} 10. Nxe4 {[%emt 0:00:00]} Nxe4 {[%emt 0:00:01]} 11. Qxe4 {[%emt 0:00:00]} O-O {[%emt 0:00:02]} 12. Rd1 {[%emt 0:00:02]} Nf6 {[%emt 0:00:01]} 13. Qe2 {[%emt 0:00:01]} c5 {[%emt 0:00:01]} 14. dxc5 {[%emt 0:00:01]} Qc7 {[%emt 0:00:03]} 15. cxb6 {[%emt 0:00:01]} Qxb6 {[%emt 0:00:01]} 16. Be3 {[%emt 0:00:01]} Bc5 {[%emt 0:00:01]} 17. Bg5 {[%emt 0:00:02]} Ne4 {[%emt 0:00:07]} 18. Be3 {[%emt 0:00:03]} Bxe3 {[%emt 0:00:02]} 19. fxe3 {[%emt 0:00:01]} Nf6 {[%emt 0:00:02]} 20. Nd4 {[%emt 0:00:01]} Bxg2 {[%emt 0:00:02]} 21. Qxg2 {[%emt 0:00:01]} Qb7 {[%emt 0:00:00]} 22. Qxb7 {[%emt 0:00:02]} Rab8 {[%emt 0:00:01]} 23. Qxa7 {[%emt 0:00:01]} Rxb2 {[%emt 0:00:01]} 24. c5 {[%emt 0:00:01]} Ne4 {[%emt 0:00:01]} 25. c6 {[%emt 0:00:01]} Nc3 {[%emt 0:00:06]} 26. c7 {[%emt 0:00:01]} Nd5 {[%emt 0:00:03]} 27. Qc5 {[%emt 0:00:05]} Nxc7 {[%emt 0:00:03]} 28. Qxc7 {[%emt 0:00:01]} h6 {[%emt 0:00:01]} 29. Rac1 {[%emt 0:00:01]} Rxa2 {[%emt 0:00:03]} 30. Rf1 {[%emt 0:00:00]} Rd2 {[%emt 0:00:02]} 31. Nxe6 {[%emt 0:00:01]} Ra8 {[%emt 0:00:04]} 32. Qxf7+ {[%emt 0:00:01] Zeit Zeit Zeit (Lag: Av=0.95s, max=1.3s) (Lag: Av=0.95s, max=1.3s) (Lag: Av=0.95s, max=1.3s)} 1-0

[Event "Stay Safe Play From Home 411"]
[Site "Emanuel Lasker Arena"]
[Date "2020.08.26"]
[Round "7"]
[White "Stefanone"]
[Black "Hickey"]
[Result "0-1"]
[WhiteElo "2117"]
[BlackElo "2290"]
[PlyCount "114"]
[EventDate "2020.08.26"]
[EventType "swiss (blitz)"]

1. d4 {[%emt 0:00:02]} Nf6 {[%emt 0:00:01]} 2. e3 {[%emt 0:00:00]} e6 {[%emt 0:00:00]} 3. f4 {[%emt 0:00:00]} b6 {[%emt 0:00:01]} 4. Nf3 {[%emt 0:00:00]} Bb7 {[%emt 0:00:00]} 5. Bd3 {[%emt 0:00:00]} Be7 {[%emt 0:00:00]} 6. Qe2 {[%emt 0:00:00]} O-O {[%emt 0:00:00]} 7. Nbd2 {[%emt 0:00:00]} c5 {[%emt 0:00:00]} 8. c3 {[%emt 0:00:00]} Nc6 {[%emt 0:00:00]} 9. Ne5 {[%emt 0:00:01]} d6 {[%emt 0:00:01]} 10. Nef3 {[%emt 0:00:01]} a6 {[%emt 0:00:02]} 11. O-O {[%emt 0:00:01]} b5 {[%emt 0:00:00]} 12. e4 {[%emt 0:00:01]} cxd4 {[%emt 0:00:02]} 13. cxd4 {[%emt 0:00:01]} Nb4 {[%emt 0:00:01]} 14. Bb1 {[%emt 0:00:02]} Rc8 {[%emt 0:00:01]} 15. e5 {[%emt 0:00:00]} Nfd5 {[%emt 0:00:00]} 16. Ne4 {[%emt 0:00:01]} Nc6 {[%emt 0:00:03]} 17. Qf2 {[%emt 0:00:02]} Qb6 {[%emt 0:00:01]} 18. Kh1 {[%emt 0:00:03]} h6 {[%emt 0:00:01]} 19. Qg3 {[%emt 0:00:01]} Nxd4 {[%emt 0:00:01]} 20. Nxd4 {[%emt 0:00:01]} Qxd4 {[%emt 0:00:00]} 21. f5 {[%emt 0:00:01]} Qxe5 {[%emt 0:00:02]} 22. Qh3 {[%emt 0:00:05]} Nf6 {[%emt 0:00:05]} 23. Nxf6+ {[%emt 0:00:02]} Bxf6 {[%emt 0:00:00]} 24. Bf4 {[%emt 0:00:03]} Qxb2 {[%emt 0:00:01]} 25. Bd3 {[%emt 0:00:02]} Rc3 {[%emt 0:00:04]} 26. Rad1 {[%emt 0:00:02]} e5 {[%emt 0:00:02]} 27. Qg3 {[%emt 0:00:01]} exf4 {[%emt 0:00:01]} 28. Rxf4 {[%emt 0:00:00]} Bxg2+ {[%emt 0:00:02]} 29. Qxg2 {[%emt 0:00:02]} Qxg2+ {[%emt 0:00:00]} 30. Kxg2 {[%emt 0:00:00]} Be5 {[%emt 0:00:01]} 31. Re4 {[%emt 0:00:01]} Rfc8 {[%emt 0:00:01]} 32. Re2 {[%emt 0:00:01]} Ra3 {[%emt 0:00:01]} 33. Be4 {[%emt 0:00:01]} Rcc3 {[%emt 0:00:01]} 34. Rd5 {[%emt 0:00:02]} b4 {[%emt 0:00:01]} 35. h4 {[%emt 0:00:01]} a5 {[%emt 0:00:00]} 36. Rb5 {[%emt 0:00:02]} Re3 {[%emt 0:00:02]} 37. Rxe3 {[%emt 0:00:01]} Rxe3 {[%emt 0:00:00]} 38. Bf3 {[%emt 0:00:00]} g6 {[%emt 0:00:02]} 39. fxg6 {[%emt 0:00:01]} fxg6 {[%emt 0:00:00]} 40. Rxa5 {[%emt 0:00:00]} g5 {[%emt 0:00:01]} 41. Ra8+ {[%emt 0:00:00]} Kg7 {[%emt 0:00:01]} 42. Bd5 {[%emt 0:00:01]} Ra3 {[%emt 0:00:02]} 43. Rg8+ {[%emt 0:00:02]} Kf6 {[%emt 0:00:01]} 44. h5 {[%emt 0:00:01]} Rg3+ {[%emt 0:00:02]} 45. Kf2 {[%emt 0:00:01]} g4 {[%emt 0:00:00]} 46. Rf8+ {[%emt 0:00:01]} Kg5 {[%emt 0:00:00]} 47. Rg8+ {[%emt 0:00:00]} Kxh5 {[%emt 0:00:00]} 48. Bg2 {[%emt 0:00:02]} Ra3 {[%emt 0:00:02]} 49. Kg1 {[%emt 0:00:01]} Rxa2 {[%emt 0:00:01]} 50. Bf1 {[%emt 0:00:00]} Ra1 {[%emt 0:00:00]} 51. Kg2 {[%emt 0:00:00]} Kh4 {[%emt 0:00:00]} 52. Rg6 {[%emt 0:00:01]} h5 {[%emt 0:00:00]} 53. Kf2 {[%emt 0:00:01]} Ra2+ {[%emt 0:00:00]} 54. Ke1 {[%emt 0:00:01]} Rb2 {[%emt 0:00:00]} 55. Be2 {[%emt 0:00:00]} Rb1+ {[%emt 0:00:00]} 56. Bd1 {[%emt 0:00:00]} Rb2 {[%emt 0:00:00]} 57. Be2 {[%emt 0:00:01]} Bg3+ {[%emt 0:00:02] Tempo Tempo Tempo (Lag: Av=0.54s, max=1.1s) (Lag: Av=0.54s, max=1.1s) (Lag: Av=0.54s, max=1.1s)} 0-1

[Event "Stay Safe Play From Home 411"]
[Site "Emanuel Lasker Arena"]
[Date "2020.08.26"]
[Round "7"]
[White "TheCHESSHOUSE"]
[Black "NTBT_DHS"]
[Result "0-1"]
[WhiteElo "2052"]
[BlackElo "2556"]
[PlyCount "42"]
[EventDate "2020.08.26"]
[EventType "swiss (blitz)"]

1. d4 {[%emt 0:00:02]} g6 {[%emt 0:00:00]} 2. c4 {[%emt 0:00:08]} Bg7 {[%emt 0:00:00]} 3. Nc3 {[%emt 0:00:00]} Nf6 {[%emt 0:00:00]} 4. e4 {[%emt 0:00:00]} O-O {[%emt 0:00:00]} 5. Nf3 {[%emt 0:00:00]} d6 {[%emt 0:00:00]} 6. h4 {[%emt 0:00:00]} Bg4 {[%emt 0:00:01]} 7. Be2 {[%emt 0:00:01]} Nc6 {[%emt 0:00:01]} 8. g3 {[%emt 0:00:00]} Nd7 {[%emt 0:00:01]} 9. Be3 {[%emt 0:00:01]} e5 {[%emt 0:00:01]} 10. d5 {[%emt 0:00:01]} Bxf3 {[%emt 0:00:01]} 11. Bxf3 {[%emt 0:00:01]} Nd4 {[%emt 0:00:00]} 12. Bxd4 {[%emt 0:00:01]} exd4 {[%emt 0:00:00]} 13. Ne2 {[%emt 0:00:00]} d3 {[%emt 0:00:06]} 14. Qxd3 {[%emt 0:00:01]} Ne5 {[%emt 0:00:01]} 15. Qb3 {[%emt 0:00:02]} f5 {[%emt 0:00:03]} 16. O-O {[%emt 0:00:04]} Qd7 {[%emt 0:00:05]} 17. Nf4 {[%emt 0:00:01]} fxe4 {[%emt 0:00:02]} 18. Bxe4 {[%emt 0:00:00]} Qg4 {[%emt 0:00:02]} 19. Ng2 {[%emt 0:00:07]} Rf3 {[%emt 0:00:04]} 20. Bxf3 {[%emt 0:00:05]} Nxf3+ {[%emt 0:00:00]} 21. Kh1 {[%emt 0:00:01]} Qh3# {[%emt 0:00:01] (Lag: Av=0.69s, max=1.0s) (Lag: Av=0.69s, max=1.0s) (Lag: Av=0.69s, max=1.0s)} 0-1

[Event "Stay Safe Play From Home 411"]
[Site "Emanuel Lasker Arena"]
[Date "2020.08.26"]
[Round "7"]
[White "Fat Kevin"]
[Black "KING o KONG"]
[Result "1-0"]
[WhiteElo "2019"]
[BlackElo "959"]
[PlyCount "57"]
[EventDate "2020.08.26"]
[EventType "swiss (blitz)"]

1. d4 {[%emt 0:00:01]} d6 {[%emt 0:00:01]} 2. c4 {[%emt 0:00:00]} e6 {[%emt 0:00:01]} 3. Nc3 {[%emt 0:00:00]} g6 {[%emt 0:00:02]} 4. e4 {[%emt 0:00:00]} Bg7 {[%emt 0:00:01]} 5. d5 {[%emt 0:00:00]} e5 {[%emt 0:00:02]} 6. f4 {[%emt 0:00:01]} Nd7 {[%emt 0:00:02]} 7. Nf3 {[%emt 0:00:01]} b6 {[%emt 0:00:01]} 8. Bd3 {[%emt 0:00:00]} Bb7 {[%emt 0:00:01]} 9. O-O {[%emt 0:00:00]} Qe7 {[%emt 0:00:01]} 10. f5 {[%emt 0:00:00]} O-O-O {[%emt 0:00:02]} 11. b4 {[%emt 0:00:02]} Bf6 {[%emt 0:00:01]} 12. a4 {[%emt 0:00:02]} a5 {[%emt 0:00:02]} 13. bxa5 {[%emt 0:00:02]} bxa5 {[%emt 0:00:04]} 14. Rb1 {[%emt 0:00:02]} Nb6 {[%emt 0:00:01]} 15. Ba3 {[%emt 0:00:02]} Nh6 {[%emt 0:00:02]} 16. c5 {[%emt 0:00:01]} dxc5 {[%emt 0:00:02]} 17. Qd2 {[%emt 0:00:01]} Ng4 {[%emt 0:00:01]} 18. h3 {[%emt 0:00:02]} h5 {[%emt 0:00:04]} 19. hxg4 {[%emt 0:00:01]} hxg4 {[%emt 0:00:01]} 20. Nh2 {[%emt 0:00:00]} Rh7 {[%emt 0:00:01]} 21. Nxg4 {[%emt 0:00:01]} Rdh8 {[%emt 0:00:01]} 22. Nb5 {[%emt 0:00:03]} Rh1+ {[%emt 0:00:01]} 23. Kf2 {[%emt 0:00:01]} Bh4+ {[%emt 0:00:04]} 24. Ke2 {[%emt 0:00:02]} Rxf1 {[%emt 0:00:02]} 25. Rxf1 {[%emt 0:00:00]} Rh5 {[%emt 0:00:03]} 26. Qc2 {[%emt 0:00:04]} Bg5 {[%emt 0:00:01]} 27. Bxc5 {[%emt 0:00:01]} Nd7 {[%emt 0:00:07]} 28. Bxe7 {[%emt 0:00:01]} Rh4 {[%emt 0:00:03]} 29. Qxc7# {[%emt 0:00:01] (Lag: Av=0.29s, max=0.9s) (Lag: Av=0.29s, max=0.9s) (Lag: Av=0.29s, max=0.9s) Mate Mate Mate} 1-0

[Event "Stay Safe Play From Home 411"]
[Site "Emanuel Lasker Arena"]
[Date "2020.08.26"]
[Round "8"]
[White "NTBT_DHS"]
[Black "Nguyen Hong Anh"]
[Result "1-0"]
[WhiteElo "2558"]
[BlackElo "2251"]
[PlyCount "57"]
[EventDate "2020.08.26"]
[EventType "swiss (blitz)"]

1. d4 {[%emt 0:00:01]} Nf6 {[%emt 0:00:01]} 2. c4 {[%emt 0:00:00]} g6 {[%emt 0:00:00]} 3. Nf3 {[%emt 0:00:00]} Bg7 {[%emt 0:00:01]} 4. Nc3 {[%emt 0:00:00]} d5 {[%emt 0:00:01]} 5. cxd5 {[%emt 0:00:00]} Nxd5 {[%emt 0:00:01]} 6. Bd2 {[%emt 0:00:00]} O-O {[%emt 0:00:01]} 7. e4 {[%emt 0:00:01]} Nxc3 {[%emt 0:00:00]} 8. Bxc3 {[%emt 0:00:00]} c5 {[%emt 0:00:00]} 9. d5 {[%emt 0:00:00]} Bxc3+ {[%emt 0:00:01]} 10. bxc3 {[%emt 0:00:00]} e6 {[%emt 0:00:00]} 11. Bc4 {[%emt 0:00:01]} exd5 {[%emt 0:00:01]} 12. Bxd5 {[%emt 0:00:00]} Nc6 {[%emt 0:00:01]} 13. O-O {[%emt 0:00:01]} Bg4 {[%emt 0:00:01]} 14. h3 {[%emt 0:00:01]} Bd7 {[%emt 0:00:02]} 15. Re1 {[%emt 0:00:04]} Qe7 {[%emt 0:00:01]} 16. Qd2 {[%emt 0:00:03]} Rad8 {[%emt 0:00:01]} 17. Qh6 {[%emt 0:00:01]} Qf6 {[%emt 0:00:01]} 18. e5 {[%emt 0:00:03]} Qg7 {[%emt 0:00:01]} 19. Qf4 {[%emt 0:00:01]} Bf5 {[%emt 0:00:02]} 20. Rad1 {[%emt 0:00:03]} Rd7 {[%emt 0:00:02]} 21. g4 {[%emt 0:00:00]} Be6 {[%emt 0:00:02]} 22. c4 {[%emt 0:00:03]} Rfd8 {[%emt 0:00:03]} 23. Qe4 {[%emt 0:00:05]} Nb4 {[%emt 0:00:02]} 24. Ng5 {[%emt 0:00:07]} Bxd5 {[%emt 0:00:02]} 25. cxd5 {[%emt 0:00:00]} Rxd5 {[%emt 0:00:01]} 26. Rxd5 {[%emt 0:00:02]} Rxd5 {[%emt 0:00:02]} 27. e6 {[%emt 0:00:00]} Qd4 {[%emt 0:00:04]} 28. exf7+ {[%emt 0:00:03]} Kg7 {[%emt 0:00:02]} 29. Ne6+ {[%emt 0:00:03] Nguyen Hong Anh resigns Nguyen Hong Anh resigns Nguyen Hong Anh resigns (Lag: Av=1.11s, max=1.6s) (Lag: Av=1.11s, max=1.6s) (Lag: Av=1.11s, max=1.6s)} 1-0

[Event "Stay Safe Play From Home 411"]
[Site "Emanuel Lasker Arena"]
[Date "2020.08.26"]
[Round "8"]
[White "Tran Minh Thang"]
[Black "Stefanone"]
[Result "1-0"]
[WhiteElo "2454"]
[BlackElo "2108"]
[PlyCount "75"]
[EventDate "2020.08.26"]
[EventType "swiss (blitz)"]

1. Nf3 {[%emt 0:00:01]} d5 {[%emt 0:00:00]} 2. e3 {[%emt 0:00:00]} c6 {[%emt 0:00:00]} 3. b3 {[%emt 0:00:00]} e6 {[%emt 0:00:00]} 4. Bb2 {[%emt 0:00:00]} f5 {[%emt 0:00:00]} 5. c4 {[%emt 0:00:00]} Nf6 {[%emt 0:00:01]} 6. d4 {[%emt 0:00:00]} Bd6 {[%emt 0:00:01]} 7. Nbd2 {[%emt 0:00:00]} Qe7 {[%emt 0:00:00]} 8. Bd3 {[%emt 0:00:01]} O-O {[%emt 0:00:01]} 9. O-O {[%emt 0:00:00]} Ne4 {[%emt 0:00:00]} 10. Ne5 {[%emt 0:00:01]} Nd7 {[%emt 0:00:01]} 11. f3 {[%emt 0:00:02]} Nxd2 {[%emt 0:00:02]} 12. Qxd2 {[%emt 0:00:00]} Bxe5 {[%emt 0:00:01]} 13. dxe5 {[%emt 0:00:00]} Nc5 {[%emt 0:00:01]} 14. Ba3 {[%emt 0:00:02]} b6 {[%emt 0:00:01]} 15. Rac1 {[%emt 0:00:01]} Qf7 {[%emt 0:00:01]} 16. cxd5 {[%emt 0:00:01]} cxd5 {[%emt 0:00:02]} 17. Bxc5 {[%emt 0:00:00]} bxc5 {[%emt 0:00:00]} 18. Rxc5 {[%emt 0:00:00]} Bb7 {[%emt 0:00:01]} 19. Rfc1 {[%emt 0:00:01]} Rad8 {[%emt 0:00:01]} 20. Rc7 {[%emt 0:00:01]} Rd7 {[%emt 0:00:00]} 21. Qa5 {[%emt 0:00:02]} d4 {[%emt 0:00:02]} 22. Rxd7 {[%emt 0:00:01]} Qxd7 {[%emt 0:00:02]} 23. Rc7 {[%emt 0:00:01]} Qd5 {[%emt 0:00:01]} 24. Qxd5 {[%emt 0:00:01]} Bxd5 {[%emt 0:00:01]} 25. exd4 {[%emt 0:00:00]} Rb8 {[%emt 0:00:02]} 26. Bc4 {[%emt 0:00:01]} a5 {[%emt 0:00:04]} 27. Bxd5 {[%emt 0:00:01]} exd5 {[%emt 0:00:00]} 28. Kf2 {[%emt 0:00:01]} a4 {[%emt 0:00:00]} 29. bxa4 {[%emt 0:00:00]} Rb4 {[%emt 0:00:01]} 30. Ke3 {[%emt 0:00:01]} Rxa4 {[%emt 0:00:01]} 31. e6 {[%emt 0:00:02]} Kf8 {[%emt 0:00:02]} 32. Kf4 {[%emt 0:00:01]} Rxd4+ {[%emt 0:00:02]} 33. Ke5 {[%emt 0:00:00]} Rd2 {[%emt 0:00:02]} 34. Kd6 {[%emt 0:00:01]} g6 {[%emt 0:00:01]} 35. e7+ {[%emt 0:00:02]} Kf7 {[%emt 0:00:01]} 36. Rc8 {[%emt 0:00:01]} Re2 {[%emt 0:00:00]} 37. Rf8+ {[%emt 0:00:00]} Kg7 {[%emt 0:00:01]} 38. e8=Q {[%emt 0:00:00] Stefanone abbandona Stefanone abbandona Stefanone abbandona (Lag: Av=0.61s, max=0.7s) (Lag: Av=0.61s, max=0.7s) (Lag: Av=0.61s, max=0.7s)} 1-0